Quizzes
Events
Quiz Creation
Community
Videos
Private Events
Remove Ads
Sign In
Join for FREE
Feedback
Dark Mode
Quiz Categories
Sports
Geography
Music
Movies
Television
Just For Fun
Miscellaneous
History
Literature
Language
Science
Gaming
Entertainment
Religion
Holiday
For Kids
Quiz Lab
Recent
Popular Today
Quiz Kudos Today
Editor Picks
Curator Picks
Quizzes by...
Day
Popularity
Type
Ratings
Length
Year
Community
Subscriptions
Recent Discussions
Orange Saloon
Badges
Playlists
Quests
Create
Leaderboards
Showdown
Live 5
Trivia Bingo
Activity
Puzzle Library
Sporcle Events
Private Events
Virtual Trivia
Globe League
Become a Host
Pub Owners
SporcleCon
Opinionation
Our Games
Videos
Blog
Mobile Apps
Partnerships
Remove Ads and Go Orange
Feedback
Music
Pop Music
The Beatles
Song
Album
Lyrics
Bands
Singers
Artist
Clip
Rock
Rap
Classical
Billboard
Country Music
Kpop
Taylor Swift
Music
Pop Music
The Beatles
Song
Album
Lyrics
Bands
Singers
Artist
Clip
Rock
Rap
Classical
Billboard
Country Music
Kpop
Taylor Swift
Random Quiz
Search Sporcle
×
Quiz Lab
Quiz Lab
Music
Kpop
Type in answers that appear in a list
Type in answers that appear in a list
Classic
Best Score? Go Orange.
Kpop Quiz: Can you guess the artist 2012 (Pictures) Stats
Can you name the The kpop artist 2012 (Pictures)?
By
Fiemuzz
10m
52 Questions
909 Plays
909 Plays
909 Plays
Comments
Comments
Give Quiz Kudos
Give Quiz Kudos
-
- Ratings
hide this ad
Replay
Link that replays current quiz
Next Quiz
Link to next quiz in quiz playlist
You Got
0%
They Got
Avg Score
65%
Avg Friend Score
Upgrade to see
Score Distribution
Jump to the score distribution portion of the page
Score
0/52
Timer
10:00
0
Plays Today
Artist
% Correct
Super Junior
93.1%
Big Bang
92.7%
SNSD
91%
SHINee
88.2%
2PM
87.1%
2AM
86.9%
2NE1
85.4%
B2ST
83.9%
T-ara
83.3%
B.A.P
82.1%
F(x)
81.6%
MBLAQ
79.6%
CN Blue
79%
Miss A
78.7%
Sistar
78.4%
KARA
78.4%
F.T. Island
77.4%
Infinite
77.3%
TVXQ
77.3%
4Minute
76.2%
U-Kiss
76.1%
Teen Top
74.9%
Wonder Girls
74.7%
Boyfriend
73.2%
Secret
72.9%
NU'EST
71.8%
Artist
% Correct
After School
71.6%
EXO-K
71.1%
B1A4
70.6%
JYJ
70.4%
EXO-M
69%
Brown Eyed Girls
68%
Block B
67%
BTOB
65%
ZE:A
63.9%
Orange Caramel
58.9%
Davichi
58.5%
A Pink
57.9%
Girl's Day
56.3%
Co-ed School
56%
Rainbow
52.7%
Dalmatian
49.8%
Sunny Hill
40.5%
Dalshabet
38.1%
Nine Muses
35.8%
ChoColat
35.6%
LED Apple
34.4%
RaNia
32.8%
AA
30.3%
F.Cuz
30%
Spica
26.8%
C-REAL
19%
Quiz Playlist
Details
Report
Send in Message
Add To Playlist
Classic:
Type in answers that appear in a list
Last Updated: Apr 27, 2018
Quiz Scoreboard
CHALLENGE
Sign Up to Join the Scoreboard
Show All
Scores
Hide
Comments
May contain spoilers
Recently Published
Presidents Visiting Landmarks
by Hejman
History
7m
An Introduction to Baseball
by treessimontrees
Sports
5m
Movies - When Are They Set?
by FPL_Elf
Movies
5m
More to Explore
Quiz From the Vault
Featured Blog Post
Where Did the Easter Bunny Come From?
hide this ad
You Might Also Like...
Tags
Artist Quiz
Kpop Quiz
2012
Image Quiz
Today's Top Quizzes in Music
Browse Music
hide this ad
Today's Top Quizzes in Kpop
Browse Kpop
Top Contributed Quizzes in Music
1
Taylor Swift All Songs (2024)
2
Guess the Artist- 70s Songs
3
Taylor Swift Logic Puzzle
4
KPOP LOGIC QUIZ
5
One Thing in Common: Music
6
2010s Album by Cover III
7
7-to-1: Billboard Hot 100 #1 Hits of 2010s
8
Guess the Taylor Swift song (Mystery Song)
9
Sorting Albums and Songs
10
2000s Album Cover Bunker
Explore More
Trending Topics
Harry Potter
Crossword
Kpop
Marvel
Anime
Disney
NBA
Song
Pokémon
Soccer
The Office
NFL
Puzzle
WWE
Country
hide this ad
More By:
Fiemuzz
Quiz
Plays
Rating
Category
Featured
Created
Do you know the members of the most famous kpop groups
947
3.67
Music
Jul 27, 2012
Do You Know The Names of the Kpop Fan Clubs
831
3.33
Music
Jul 27, 2012
Go to Creator's Profile
Score Distribution
Quiz Creator Spotlight
Fiemuzz
Follow
Send a Message
Quizzes Created
-
Created Quiz Play Count
-
More By This Creator
Popular Quizzes Today
1
Find the US States - No Outlines Minefield
2
Find the Countries of Europe - No Outlines Minefield
3
The Countries of the World
4
Find the US States
5
Popular People in 1961
6
US States
7
Risky Map Clicking: Biggest States A-Z
8
Movies - When Are They Set?
More Music Quizzes
Clip Quiz Remix: Easy (50 Songs)
Curator's Pick
Trending Quizzes
Risky Map Clicking: Least Populous States A-Z
1-10 Letter G Words
1-10 Letter F Words
Risky Map Clicking: Next State Alphabetically
Risky Map Clicking: Biggest States A-Z
Recently Updated
Leaping Animals
pecheneg
Reality TV Shows (A-Z)
bhenderson79
Rickey Henderson's Hall of Fame Teammates
pecheneg
Champions League XIs: Arsenal
pecheneg
Quick Pick: Celebrities in WWE's Hall of Fame
aduchscher
A-Z Keypad Blitz II
pecheneg
Multiple Oscar Actors
pecheneg
Mystery Phrase Blitz: Oscar 'Best Actors'
pecheneg
F. Scott Fitzgerald Novels
LTH
Pick 3 Villains
ddd62291
Trending Topics
NBA
Harry Potter
Anime
Marvel
Kpop
Crossword
Disney
WWE
Country
The Office
Song
NFL
Pokémon
Soccer
Puzzle
Your Account Isn't Verified!
In order to create a playlist on Sporcle, you need to verify the email address you used during registration. Go to your
Sporcle Settings
to finish the process.
Report this User
Report this user for behavior that violates our
Community Guidelines
.
Details:
Send Report
Go to the Sporcle.com Mobile Site →
Comments